000 00371nam a2200145 a 4500
005 20140412111325.0
008 110129s19uu xx 00 eng d
020 _a1-85881-200-3
050 _aER
_bMy99 1994
100 _aGardner, Sally
245 _aMy Little Princess /
_cSally Gardner.
260 _aItaly :
_bOrion house,
_c1994.
300 _a1994
999 _c104588
_d104588